Tahreek--e-Islami Asre Hazir Mein (Record no. 11666)

MARC details
000 -LEADER
fixed length control field 00664nam a2200241 a 4500
020 ## - INTERNATIONAL STANDARD BOOK NUMBER
ISBN
082 00 - DEWEY DECIMAL CLASSIFICATION NUMBER
Classification number 297.8
Author Cutter SID
100 ## - MAIN ENTRY--AUTHOR NAME
Author name Siddiqi, Mohd Najatullah
245 ## - TITLE STATEMENT
Title Tahreek--e-Islami Asre Hazir Mein
260 ## - PUBLICATION, DISTRIBUTION, ETC. (IMPRINT)
Place of publication Delhi
Name of publisher Markazi Maktaba Jamat-E-Islami
Year of publication 1995
300 ## - PHYSICAL DESCRIPTION
Number of Pages 230p
500 ## - GENERAL NOTE
General note includes index and biblioraphy
505 2# - FORMATTED CONTENTS NOTE
Formatted contents note Quranic view of Christianity in the light of modern research
650 ## - SUBJECT ADDED ENTRY--TOPICAL TERM
Topical Term Jamaat-E-Islami
942 ## - ADDED ENTRY ELEMENTS (KOHA)
Koha item type Books
700 1# -
-- Siddiqi, Mohd Najatullah
Holdings
Collection code Home library Current library Date acquired Cost, normal purchase price Full call number Accession Number Koha item type
  Henry Martyn Institute Library Henry Martyn Institute Library 06/27/2007 45.00 297.8 SID 015694 Books
                   Copyright © 2026 | Henry Martyn Institute | Hyderabad | TS-500052 | INDIA | Implemented by hmi.edu.in
Hit-Count:

Powered by Koha